Diversity-oriented Functionalization of Cyclodienes Through Selective Cycloaddition/Ring-opening/Cross-metathesis Protocols; Transformation of a Flatland into Three-dimensional Scaffolds With Stereo- and Regiocontrol
This article presents selective transformations of some readily available cyclodienes through simple chemical procedures into novel functionalized small-molecular entities. The syntheses hereby described involved selective cycloadditions, followed by ring-opening metathesis of the resulting beta-lac...
Elmentve itt :
| Szerzők: | |
|---|---|
| Dokumentumtípus: | Cikk |
| Megjelent: |
2020
|
| Sorozat: | CHEMICAL RECORD
20 No. 10 |
| doi: | 10.1002/tcr.202000070 |
| mtmt: | 31410814 |
| Online Access: | http://publicatio.bibl.u-szeged.hu/20968 |
| LEADER | 01648nab a2200241 i 4500 | ||
|---|---|---|---|
| 001 | publ20968 | ||
| 005 | 20210309143325.0 | ||
| 008 | 210309s2020 hu o 0|| zxx d | ||
| 022 | |a 1527-8999 | ||
| 024 | 7 | |a 10.1002/tcr.202000070 |2 doi | |
| 024 | 7 | |a 31410814 |2 mtmt | |
| 040 | |a SZTE Publicatio Repozitórium |b hun | ||
| 041 | |a zxx | ||
| 100 | 1 | |a Kiss Loránd | |
| 245 | 1 | 0 | |a Diversity-oriented Functionalization of Cyclodienes Through Selective Cycloaddition/Ring-opening/Cross-metathesis Protocols; Transformation of a Flatland into Three-dimensional Scaffolds With Stereo- and Regiocontrol |h [elektronikus dokumentum] / |c Kiss Loránd |
| 260 | |c 2020 | ||
| 300 | |a 1129-1141 | ||
| 490 | 0 | |a CHEMICAL RECORD |v 20 No. 10 | |
| 520 | 3 | |a This article presents selective transformations of some readily available cyclodienes through simple chemical procedures into novel functionalized small-molecular entities. The syntheses hereby described involved selective cycloadditions, followed by ring-opening metathesis of the resulting beta-lactam or isoxazoline derivatives and selective cross-metathesis by differentiation of the olefin bonds on the alkenylated heterocycles. The cross-metathesis transformations have been detailed, which were performed under various experimental conditions with the aim of exploring chemodiscrimination of the olefin bonds and delivering the corresponding functionalized beta-lactam or isoxazoline derivatives. | |
| 700 | 0 | 1 | |a Benke Zsanett Amália |e aut |
| 700 | 0 | 1 | |a Remete Attila Márió |e aut |
| 700 | 0 | 1 | |a Fülöp Ferenc |e aut |
| 856 | 4 | 0 | |u http://publicatio.bibl.u-szeged.hu/20968/1/tcr.202000070-20-10-161.pdf |z Dokumentum-elérés |